Statistics for Multiple Choice U.S. Presidential Election Trivia

Click here to take the quiz!

General Stats

  • This quiz has been taken 58 times
  • The average score is 7 of 16

Answer Stats

QuestionAnswer% Correct
What state is Mike Pence from?Indiana
73%
What state is Kamala Harris from?California
67%
True or false, Mike Pence has a picture with Ronald Reagan.True
65%
Who won North Carolina in 2012?Mitt Romney
57%
In what area was Clinton's margin of victory the largest?Washington D.C.
57%
Who was Gary Johnson's running mate?Bill Weld
51%
Which state has the most electoral votes?Georgia
51%
What was Gary Johnson's best state in 2016?New Mexico
51%
What was Donald Trump's second best state in terms of raw vote margin?Tennessee
43%
By how many votes did Clinton win New Hampshire by in 2016?2,700
37%
In which of these states did Mitt Romney do better than 2016 Donald Trump?Idaho
35%
What was Donald Trump's best state in terms of raw vote margin?Texas
31%
True or false, Barack Obama won every state that borders the great lakes in 2012.False
29%
What was Jill Stein's best state in 2016?Hawaii
29%
Because of the 2020 census, Montana is expected to gain an extra electoral vote in 2024, from 3 electoral votes to 4, what was the most recent election when Montana had 4 electoral votes?1988
24%
How many states were won with less than 50% of the vote in 2016?14
16%

Score Distribution

Percentile by Number Answered

Percent of People with Each Score

Your Score History

You have not taken this quiz